<?xml version="1.0" encoding="UTF-8"?>
<collection xmlns="http://www.loc.gov/MARC21/slim">
 <record>
  <leader>01546nam a2200193Ia 4500</leader>
  <controlfield tag="001">CTU_164503</controlfield>
  <controlfield tag="008">210402s9999    xx            000 0 und d</controlfield>
  <datafield tag="082" ind1=" " ind2=" ">
   <subfield code="a">959.731</subfield>
  </datafield>
  <datafield tag="082" ind1=" " ind2=" ">
   <subfield code="b">Th116</subfield>
  </datafield>
  <datafield tag="245" ind1=" " ind2="0">
   <subfield code="a">Thăng Long - Hà Nội, Tuyển tập công trình nghiên cứu văn hóa :</subfield>
  </datafield>
  <datafield tag="245" ind1=" " ind2="0">
   <subfield code="c">Tuyển chọn và giới thiệu: Nguyễn Hải Kế (chủ trì), Đỗ Thị Phương Thảo, Nguyễn Thị Hoài Phương</subfield>
  </datafield>
  <datafield tag="260" ind1=" " ind2=" ">
   <subfield code="a">Hà Nội</subfield>
  </datafield>
  <datafield tag="260" ind1=" " ind2=" ">
   <subfield code="b">Nxb Hà Nội</subfield>
  </datafield>
  <datafield tag="260" ind1=" " ind2=" ">
   <subfield code="c">2010</subfield>
  </datafield>
  <datafield tag="520" ind1=" " ind2=" ">
   <subfield code="a">Cuốn sách tập hợp, tuyển chọn những bài viết tiêu biểu về văn hóa Thăng Long - Hà Nội trong suốt gần 1000 năm lịch sử. Với những bài viết tiêu biểu về văn hóa của mảnh đất ngàn năm văn vật, cuốn sách sẽ tái hiện lại bức tranh văn hóa của Thăng Long xưa, của Hà Nội nay trên nhiều phương diện: từ môi trường sinh thái, cảnh quan, những vấn đề về đời sống vật chất như cách thức ăn, mặc, ở, đi lại đến những vấn đề về đời sống tinh thần như: tôn giáo, tín ngưỡng, lễ hội, tiếp xúc giao lưu văn hóa và về người Hà Nội.</subfield>
  </datafield>
  <datafield tag="650" ind1=" " ind2=" ">
   <subfield code="a">Hà Nội (Việt Nam)</subfield>
  </datafield>
  <datafield tag="650" ind1=" " ind2=" ">
   <subfield code="x">Nền văn minh</subfield>
  </datafield>
  <datafield tag="904" ind1=" " ind2=" ">
   <subfield code="i">Năm</subfield>
  </datafield>
  <datafield tag="980" ind1=" " ind2=" ">
   <subfield code="a">Trung tâm Học liệu Trường Đại học Cần Thơ</subfield>
  </datafield>
 </record>
</collection>
